Statistiques concernant Les préfectures des 12 départements composant la région Auvergne-Rhône-Alpes

Cliquez ici pour prendre le quiz!

Statistiques générales

  • Ce quiz a été pris 124 fois
  • Le résultat moyen est 10 sur 12

Statistiques - réponses

DépartementPréfecture% Correct
69Lyon
100%
74Annecy
93%
38Grenoble
92%
63Clermont-Ferrand
90%
01Bourg-en-Bresse
88%
42Saint-Etienne
87%
73Chambéry
86%
26Valence
83%
07Privas
73%
03Moulins
71%
15Aurillac
71%
43Le Puy-en-Velay
70%

Distribution des résultats

Percentile par nombre de réponses

% des personnes avec chaque résultat

Votre développement - résultats

Vous n’avez pas pris ce quiz